| 000 | 00000nam##2200000za#4500 |
| 001 | 9.695466 |
| 003 | CaOODSP |
| 005 | 20210624234605 |
| 007 | cr ||||||||||| |
| 008 | 150407|1999||||xxc|||||o f|0| 0 eng|d |
| 040 | |aCaOODSP|beng |
| 043 | |an-cn--- |
| 086 | 1 |aF1-23/1999-7E-PDF |
| 110 | 1 |aCanada. |bDepartment of Finance. |
| 245 | 10|aBuilding a strong economy through knowledge and innovation |h[electronic resource] |
| 246 | 1 |iAt head of title : |aBudget 1999 - building today for a better tomorrow |
| 260 | |aOttawa - Ontario : |bFinance Canada |cFebruary 1999. |
| 300 | |a18p.|btable |
| 500 | |aThe catalogue number (F1-23/1999-7E) and ISBN (0-662-27570-5) for the print edition have been incorrectly copied in this electronic publication. |
| 590 | |a12-11-Supp|b2012-03-27 |
| 690 | 07|aBudgets|2gcpds |
| 690 | 07|aBusiness development|2gcpds |
| 690 | 07|aEmployment programs|2gcpds |
| 690 | 07|aInformation dissemination|2gcpds |
| 690 | 07|aTechnological innovation|2gcpds |
| 775 | 08|tBâtir une économie forte grâce au savoir et à l'innovation |w(CaOODSP)9.639602 |
| 856 | 40|ahttp://publications.gc.ca|qPDF|s88 KB|uhttps://publications.gc.ca/collections/Collection/F1-23-1999-7E.pdf |